Domácí sýry /
Návody na výrobu domácích sýrů i se sýrovými recepty.
Uloženo v:
| Hlavní autor: | |
|---|---|
| Médium: | E-kniha |
| Jazyk: | Czech |
| Vydáno: |
Brno :
CPress,
2018
|
| Vydání: | 2. rozšířené vydání |
| Témata: | |
| Tagy: |
Žádné tagy |
| LEADER | 02436nam a2200601 i 4500 | ||
|---|---|---|---|
| 001 | 310918 | ||
| 003 | CZ PrSKC | ||
| 005 | 20260601215656.0 | ||
| 007 | ta | ||
| 008 | 180808s2018 xr a e f 001 0 cze | ||
| 015 | |a cnb003019462 | ||
| 020 | |a 9788026420026 |q (brožováno) : |c Kč 269,00 | ||
| 035 | |a (OCoLC)1051235026 | ||
| 040 | |a BOA001 |b cze |e rda | ||
| 072 | 7 | |a 637 |x Živočišné produkty |2 Konspekt | |
| 080 | |a 637.3 |2 MRF | ||
| 080 | |a 334.714 |2 MRF | ||
| 080 | |a 641.55 |2 MRF | ||
| 080 | |a 641.55:637.3 |2 MRF | ||
| 080 | |a (035) |2 MRF | ||
| 080 | |a (083.12) |2 MRF | ||
| 100 | 1 | |a Rubášová, Petra, |d 1970- |7 osa2015889501 |4 aut | |
| 245 | 1 | 0 | |a Domácí sýry / |c Petra Rubášová |
| 250 | |a 2. rozšířené vydání | ||
| 264 | 1 | |a Brno : |b CPress, |c 2018 | |
| 300 | |a 159 stran : |b barevné ilustrace ; |c 23 cm | ||
| 336 | |a text |b txt |2 rdacontent | ||
| 336 | |a statický obraz |b sti |2 rdacontent | ||
| 337 | |a bez média |b n |2 rdamedia | ||
| 338 | |a svazek |b nc |2 rdacarrier | ||
| 500 | |a Obálkový podnázev: návody na výrobu a zajímavé recepty - naše i zahraniční | ||
| 500 | |a Obsahuje rejstřík | ||
| 520 | 2 | |a Návody na výrobu domácích sýrů i se sýrovými recepty. |b Kuchařka sezamuje s postupem domácí výroby sýrů, jako jsou například brynza, panír, čedar apod. Druhá část obsahuje sýrové recepty pro studenou i teplou kuchyni. | |
| 650 | 0 | 7 | |a sýry |7 ph116388 |2 czenas |
| 650 | 0 | 7 | |a výroba sýrů |7 ph242468 |2 czenas |
| 650 | 0 | 7 | |a domácí výroba |7 ph205440 |2 czenas |
| 650 | 0 | 7 | |a jídla |7 ph114847 |2 czenas |
| 650 | 0 | 7 | |a sýrová jídla |7 ph126406 |2 czenas |
| 650 | 0 | 9 | |a cheese |2 eczenas |
| 650 | 0 | 9 | |a cheesemaking |2 eczenas |
| 650 | 0 | 9 | |a home labor |2 eczenas |
| 650 | 0 | 9 | |a meals |2 eczenas |
| 650 | 0 | 9 | |a cookery (cheese) |2 eczenas |
| 655 | 7 | |a příručky |7 fd133209 |2 czenas | |
| 655 | 7 | |a kuchařské recepty |7 fd132687 |2 czenas | |
| 655 | 9 | |a handbooks and manuals |2 eczenas | |
| 655 | 9 | |a cookbooks |2 eczenas | |
| 900 | |a ABA001 |b 19 | ||
| 928 | 9 | |a Albatros Media - CPress | |
| 044 | |a xr | ||
| 910 | |a RBIT002 | ||
| 998 | |d 178936 |a https://core.palmknihy.cz/api/books/178936/cover?pcolmv |b https://core.palmknihy.cz/api/books/178936/cover/400?pcolmv |c https://core.palmknihy.cz/api/books/178936/cover/50?pcolmv |e 3999-12-31 |g 160 |i 9788026420026 |k https://core.palmknihy.cz/api/books/178936/preview.pdf |l |q 49 |r 1 |s https://www.palmknihy.cz/kniha/178936 |t ebook |y 2018 |z 0 | ||
| 999 | |d 310916 | ||